Statistics for U.S. States with 11 letters

Click here to take the quiz!

General Stats

  • This quiz has been taken 26 times
  • The average score is 4 of 5

Answer Stats

Answer% Correct
Mississippi
95%
Connecticut
91%
North dakota
82%
Rhode island
82%
South dakota
82%

Score Distribution

Percentile by Number Answered

Percent of People with Each Score

Your Score History

You have not taken this quiz